000 00452cam a2200169ua 4500
020 _c$20.00
041 _aeng
_h
082 _a028.7462
_bCHA/ET
100 _aChapanis, Alphonse .
245 _aEthnic variables in human factors engineering /
_cAphonse Chapanis.
_hTextual Documents
260 _aBaltimore :
_bThe John Hopkins press ,
_c1975.
300 _a290 ; .
365 _a$20.00
504 _a
942 _cBK
999 _c9973
_d9973